[Event "25th European Teams"]
[Site "Batumi GEO"]
[Date "2025.10.06"]
[Round "2.6"]
[Board "3"]
[White "Can, Emre"]
[Black "Kovalenko, Igor"]
[Result "1/2-1/2"]
[WhiteTitle "GM"]
[BlackTitle "GM"]
[WhiteElo "2552"]
[BlackElo "2669"]
[WhiteTeam "Turkiye"]
[BlackTeam "Ukraine"]
[WhiteFideId "6302181"]
[BlackFideId "14117908"]
[EventDate "2025.10.05"]

1. d4 d5 2. c4 e6 3. Nf3 Nf6 4. Nc3 dxc4 5. e4 b5 6. e5 Nd5 7. Nxb5 Nb6 8. a4
Qd7 9. Be2 Nc6 10. O-O Na5 11. d5 Nxd5 12. Bd2 Bb4 13. Bxb4 Nxb4 14. Qe1 Nbc6
15. Rd1 Qe7 16. Nfd4 Bb7 17. Nxc6 Nxc6 18. Bxc4 O-O 19. Qe3 a6 20. Nd4 Na5 21.
Be2 Qb4 22. Qc3 Qxc3 23. bxc3 Bd5 24. Rb1 h6 25. Nc2 c5 26. Rb6 Bc4 27. Bf3 Rab8
28. Rfb1 Bb3 29. Rxb8 Rxb8 30. Ne3 Rd8 31. Bb7 Ba2 32. Ra1 Nxb7 33. Rxa2 Na5 34.
Kf1 Nc6 35. Nc4 Rd5 36. Rb2 Nxe5 37. Nxe5 Rxe5 38. Rb6 Re4 39. Rxa6 Rc4 40. a5
Rxc3 41. h4 Ra3 42. g3 Kh7 43. Ra7 Kg6 44. a6 e5 45. Rc7 Rxa6 46. Rxc5 Kf6 47.
Rc7 Re6 48. Kg2 Re7 49. Rc8 Kf5 50. Rg8 f6 51. Ra8 Rb7 52. Ra4 Rb2 53. Ra7 g6
54. Rh7 e4 55. Re7 Rb6 56. Re8 Re6 57. Rh8 h5 58. Rg8 Rb6 59. Re8 Rb4 60. Rg8
Rd4 61. Rg7 Rd2 62. Re7 Re2 63. Kf1 Ra2 64. Kg2 Ra8 65. Rg7 Re8 66. Rf7 g5 67.
hxg5 Kxg5 68. Rg7+ Kh6 69. Ra7 Rb8 70. Re7 f5 71. Re6+ Kg7 72. Ra6 Rb2 73. Kf1
Rc2 74. Rb6 Rc8 75. Kg2 Rf8 76. Re6 Rh8 77. Ra6 Rh6 78. Ra8 Rd6 79. Re8 Kf6 80.
Rg8 Rd2 81. Rf8+ Ke5 82. Rh8 h4 83. Re8+ Kf6 84. gxh4 Kf7 85. Re5 Kg6 86. Kf1
Rd3 87. Kg2 Ra3 88. Rb5 Rf3 89. Rb8 Kh5 90. Rh8+ Kg4 91. h5 Kg5 92. h6 Kg6 93.
h7 Kg7 94. Ra8 Kxh7 95. Ra6 Kg7 96. Rb6 Kf7 97. Ra6 Rd3 98. Kf1 Rd4 99. Ke2 f4
100. Ra7+ Kf6 101. Ra8 Rb4 102. Rf8+ Ke5 103. Re8+ Kd5 104. Rd8+ Ke6 105. Re8+
Kf7 106. Re5 Kf6 107. Ra5 Rb2+ 108. Ke1 Ke6 109. Rc5 f3 110. Ra5 Re2+ 111. Kf1
Rd2 112. Ke1 Rd5 113. Ra8 Ke5 114. Re8+ Kd4 115. Kd2 Rd7 116. Ra8 Ke5+ 117. Ke1
Rd3 118. Re8+ Kd4 119. Rd8+ Kc3 120. Rc8+ Kb3 121. Rb8+ Kc2 122. Rc8+ Rc3 123.
Rd8 Rc4 124. Rd7 Rc8 125. Re7 Ra8 126. Rc7+ Kd3 127. Rd7+ Kc3 128. Rc7+ Kd4 129.
Rd7+ Ke5 130. Re7+ Kf5 131. Rf7+ Ke6 132. Rb7 Ra1+ 133. Kd2 Kf5 134. Rf7+ Kg4
135. Rg7+ Kh3 136. Ke3 Re1+ 137. Kf4 Kh2 138. Rg8 Rg1 139. Ra8 Kg2 140. Kxe4 Rf1
141. Kf4 Rb1 142. Ra2 Rb4+ 143. Ke3 Rb8 144. Rc2 Re8+ 145. Kf4 Re2 146. Rc3 Ra2
147. Rb3 Rxf2 148. Kg4 Ra2 149. Rxf3 Ra4+ 150. Rf4 Rxf4+ 151. Kxf4 1/2-1/2

[Event "25th European Teams"]
[Site "Batumi GEO"]
[Date "2025.10.06"]
[Round "2.6"]
[Board "4"]
[White "Samunenkov, Ihor"]
[Black "Can, Isik"]
[Result "1/2-1/2"]
[WhiteTitle "GM"]
[BlackTitle "GM"]
[WhiteElo "2568"]
[BlackElo "2515"]
[WhiteTeam "Ukraine"]
[BlackTeam "Turkiye"]
[WhiteFideId "14187086"]
[BlackFideId "6383742"]
[EventDate "2025.10.05"]

1. e4 c5 2. Nf3 e6 3. c3 Nf6 4. e5 Nd5 5. d4 cxd4 6. cxd4 d6 7. Bc4 Be7 8. O-O
O-O 9. Qe2 a6 10. Bd3 Nb4 11. exd6 Qxd6 12. Be4 f5 13. Bc2 Nxc2 14. Qxc2 b5 15.
Qe2 Nc6 16. Rd1 Bf6 17. Nc3 b4 18. Na4 a5 19. Be3 f4 20. Nb6 fxe3 21. Nxa8 Qb8
22. Qxe3 Qxa8 23. Qe4 Bd7 24. Ne5 Bxe5 25. dxe5 Qa7 26. Rd2 Rf5 27. Rc1 Nxe5 28.
Qd4 Qxd4 29. Rxd4 g5 30. Rc7 Rf7 31. Rc5 Rf5 32. Kf1 h5 33. Rxa5 b3 34. Rxe5
Rxe5 35. Rxd7 bxa2 36. Ra7 Rc5 37. Rxa2 Kg7 38. Ra1 Rb5 39. Rb1 Kf6 40. Ke2 Re5+
41. Kd3 Rd5+ 42. Ke2 Re5+ 43. Kf1 Rb5 44. b4 Ke5 45. Ke2 Kd4 46. f3 e5 47. Kd2
g4 48. Re1 gxf3 49. gxf3 Rxb4 50. Re4+ Kc5 51. Rxe5+ Kd6 52. Rxh5 Ke6 53. Ke3
Kf6 54. Kf2 Ra4 55. Kg3 Kg6 56. Rb5 Ra1 57. Kg4 Rg1+ 58. Kf4 Rh1 59. Rb6+ Kg7
60. Kg3 Rg1+ 61. Kf2 Rh1 62. Kg2 Ra1 63. h4 Ra4 64. Kg3 Ra1 65. Kg4 Rg1+ 66. Kf5
Rh1 67. Rb4 Rh2 68. Rg4+ Kh6 69. Kf6 Ra2 70. Re4 Rh2 71. Kf5 Rh1 72. Kg4 Rg1+
73. Kh3 Rh1+ 74. Kg2 Ra1 75. Re5 Rb1 76. Ra5 Kg6 77. Rc5 Ra1 78. Kg3 Rg1+ 79.
Kf4 Rh1 80. Rg5+ Kh6 81. Kg4 Rg1+ 82. Kf5 Rh1 83. h5 Ra1 84. f4 Rb1 85. Rg8 Ra1
86. Rh8+ Kg7 87. Re8 Kh6 88. Re2 Rb1 89. Ra2 Rc1 90. Ra8 Rb1 91. Rg8 Ra1 92. Rg5
Rb1 93. Ke4 Re1+ 94. Kd4 Rd1+ 95. Ke5 Ra1 96. Rf5 Ra4 97. Kd5 Rb4 98. Ke6 Rb6+
99. Ke5 Rb4 100. Rg5 Rb5+ 101. Kf6 Rb6+ 102. Kf5 Rb1 103. Rg8 Ra1 104. Rb8 Rc1
105. Rh8+ Kg7 106. Re8 Kh6 107. Kf6 Kxh5 108. f5 Rc6+ 109. Re6 Rc7 110. Re7 Rc6+
111. Kg7 Kg5 112. Rf7 Ra6 113. f6 Rb6 114. Rf8 Ra6 115. f7 Rg6+ 116. Kh7 Rh6+
117. Kg7 1/2-1/2

[Event "25th European Teams"]
[Site "Batumi GEO"]
[Date "2025.10.06"]
[Round "2.7"]
[Board "1"]
[White "Theodorou, Nikolas"]
[Black "Rodshtein, Maxim"]
[Result "1-0"]
[WhiteTitle "GM"]
[BlackTitle "GM"]
[WhiteElo "2652"]
[BlackElo "2647"]
[WhiteTeam "Greece"]
[BlackTeam "Israel"]
[WhiteFideId "4262875"]
[BlackFideId "2806851"]
[EventDate "2025.10.05"]

1. d4 d5 2. c4 c6 3. Nf3 Nf6 4. Nc3 e6 5. cxd5 exd5 6. Bf4 Bf5 7. e3 Nbd7 8. h3
Be7 9. g4 Bg6 10. Nh4 Qb6 11. Qb3 O-O 12. Nxg6 hxg6 13. Be2 Qxb3 14. axb3 Rfe8
15. h4 Nf8 16. g5 Nh5 17. Bh2 f6 18. Rg1 Kf7 19. Kd2 Ne6 20. Bd3 f5 21. Be5 a6
22. Kc2 Rad8 23. Be2 c5 24. Bf3 cxd4 25. Nxd5 dxe3 26. fxe3 Bd6 27. Bxd6 Rxd6
28. Rad1 Nc5 29. b4 Ne4 30. Nc3 Rxd1 31. Rxd1 Nhg3 32. Rd7+ Re7 33. Rxe7+ Kxe7
34. Kd3 Nxc3 35. bxc3 b6 36. c4 Kd6 37. Bd5 Ke5 38. Bb7 a5 39. c5 axb4 40. cxb6
Kd6 41. Bd5 Nf1 42. Bg2 Nh2 43. Kc4 Ng4 44. Kxb4 Nxe3 45. Kb5 Ng4 46. Bc6 Ne5
47. Be8 f4 48. Ka6 Nd3 49. b7 Nc5+ 50. Ka7 Nxb7 51. Kxb7 f3 52. Bxg6 Ke5 53. h5 1-0

[Event "25th European Teams"]
[Site "Batumi GEO"]
[Date "2025.10.06"]
[Round "2.7"]
[Board "2"]
[White "Sokolovsky, Yahli"]
[Black "Kourkoulos-Arditis, Stamatis"]
[Result "1-0"]
[WhiteTitle "GM"]
[BlackTitle "GM"]
[WhiteElo "2539"]
[BlackElo "2583"]
[WhiteTeam "Israel"]
[BlackTeam "Greece"]
[WhiteFideId "2820242"]
[BlackFideId "4221990"]
[EventDate "2025.10.05"]

1. e4 e5 2. Nf3 Nc6 3. Bb5 a6 4. Ba4 Nf6 5. O-O Be7 6. d3 b5 7. Bb3 d6 8. a3 O-O
9. Nc3 Nb8 10. h3 c6 11. Ne2 c5 12. c3 Nc6 13. d4 cxd4 14. cxd4 exd4 15. Nfxd4
Bb7 16. Nc3 Na5 17. Bc2 Re8 18. Nf5 Bf8 19. Re1 Rc8 20. Bg5 h6 21. Bh4 g6 22. e5
dxe5 23. Qxd8 Rcxd8 24. Bxf6 gxf5 25. Bxd8 Rxd8 26. Bxf5 Nc4 27. Rad1 Rxd1 28.
Nxd1 Bc5 29. Bd3 Bd4 30. Bxc4 bxc4 31. Ne3 Bxb2 32. Nxc4 Bc3 33. Rc1 Bd4 34. Nd6
Bd5 35. Nf5 Bb2 36. Ne7+ Kf8 37. Rb1 1-0

[Event "25th European Teams"]
[Site "Batumi GEO"]
[Date "2025.10.06"]
[Round "2.7"]
[Board "3"]
[White "Mastrovasilis, Dimitrios"]
[Black "Boruchovsky, Avital"]
[Result "1-0"]
[WhiteTitle "GM"]
[BlackTitle "GM"]
[WhiteElo "2522"]
[BlackElo "2509"]
[WhiteTeam "Greece"]
[BlackTeam "Israel"]
[WhiteFideId "4202694"]
[BlackFideId "2800055"]
[EventDate "2025.10.05"]

1. Nf3 d5 2. d4 Nf6 3. c4 e6 4. cxd5 exd5 5. Nc3 Be7 6. Bf4 c6 7. h3 Bf5 8. e3
Qb6 9. Bd3 Qxb2 10. Bxf5 Qxc3+ 11. Kf1 Nbd7 12. Rb1 Nb6 13. g4 Ne4 14. Kg2 O-O
15. Bxe4 dxe4 16. Nd2 Qa5 17. Qc2 f5 18. gxf5 Rae8 19. Be5 Rxf5 20. Nxe4 Qd5 21.
Rhc1 c5 22. Qb3 c4 23. Qc2 Rc8 24. Kh2 Rf3 25. Rg1 g6 26. Rg4 Nd7 27. Bg3 Nf6
28. Nxf6+ Bxf6 29. e4 Qf7 30. e5 Bg7 31. Qe4 c3 32. Rc1 Bh6 33. Rc2 Bd2 34. e6
Rxf2+ 35. Kg1 Rf1+ 36. Kg2 Qf5 37. d5 Re8 38. a4 Be3 39. Qxf5 Rxf5 40. Rxc3 Bb6
41. Rd3 Rc8 42. Rf4 Rc2+ 43. Kf3 Kg7 44. Rxf5 gxf5 45. d6 Rc4 46. Be5+ Kf8 47.
Rc3 1-0

[Event "25th European Teams"]
[Site "Batumi GEO"]
[Date "2025.10.06"]
[Round "2.7"]
[Board "4"]
[White "Parkhov, Yair"]
[Black "Pavlidis, Antonios"]
[Result "1/2-1/2"]
[WhiteTitle "GM"]
[BlackTitle "GM"]
[WhiteElo "2503"]
[BlackElo "2579"]
[WhiteTeam "Israel"]
[BlackTeam "Greece"]
[WhiteFideId "2813408"]
[BlackFideId "4212312"]
[EventDate "2025.10.05"]

1. d4 d5 2. c4 e6 3. Nc3 dxc4 4. e4 c5 5. Nf3 cxd4 6. Qxd4 Qxd4 7. Nxd4 Bd7 8.
Bxc4 Nc6 9. Nxc6 Bxc6 10. f3 Bc5 11. Ke2 Nf6 12. Be3 Bxe3 13. Kxe3 Ke7 14. b4
Rhc8 15. Rhc1 Be8 16. Bb3 a5 17. bxa5 Bc6 18. Ne2 Rxa5 19. Nd4 Bd7 20. Rxc8 Bxc8
21. Rc1 Kd8 22. Ne2 Bd7 23. Nf4 Ba4 24. Kd2 Nd7 25. Nd3 Bxb3 26. axb3 Ra2+ 27.
Rc2 Ra1 28. Rc1 Ra2+ 29. Rc2 Ra1 30. Rc1 Ra2+ 1/2-1/2

[Event "25th European Teams"]
[Site "Batumi GEO"]
[Date "2025.10.06"]
[Round "2.8"]
[Board "1"]
[White "Moroni, Luca Jr"]
[Black "Maurizzi, MarcAndria"]
[Result "0-1"]
[WhiteTitle "GM"]
[BlackTitle "GM"]
[WhiteElo "2544"]
[BlackElo "2624"]
[WhiteTeam "Italy"]
[BlackTeam "France"]
[WhiteFideId "865834"]
[BlackFideId "36083534"]
[EventDate "2025.10.05"]

1. d4 Nf6 2. c4 g6 3. Nc3 Bg7 4. e4 d6 5. h3 O-O 6. Be3 c6 7. g4 Qa5 8. Bg2 Qb4
9. Qb3 a5 10. Ne2 Nfd7 11. O-O Nb6 12. c5 dxc5 13. dxc5 Nc4 14. Bg5 Qxc5 15.
Bxe7 Qxe7 16. Qxc4 b5 17. Qb3 a4 18. Qc2 a3 19. bxa3 Rxa3 20. Rab1 Be6 21. Rfd1
b4 22. Nd5 cxd5 23. exd5 Bd7 24. d6 Qe8 25. Re1 Na6 26. Nf4 Qb8 27. Qd1 Re8 28.
Re7 Qd8 29. Qe2 Ra5 30. Rd1 Nb8 31. Bd5 Rxe7 32. dxe7 Qe8 33. Bxf7+ Kxf7 34.
Qc4+ Kf6 35. Qd4+ Re5 36. Nd3 Nc6 37. Qd6+ Re6 38. Qf4+ Kxe7 39. Nc5 Nd4 40. Qc7
Rc6 41. Re1+ Kf7 42. Qf4+ Rf6 0-1

[Event "25th European Teams"]
[Site "Batumi GEO"]
[Date "2025.10.06"]
[Round "2.8"]
[Board "2"]
[White "Fressinet, Laurent"]
[Black "Vocaturo, Daniele"]
[Result "1/2-1/2"]
[WhiteTitle "GM"]
[BlackTitle "GM"]
[WhiteElo "2602"]
[BlackElo "2563"]
[WhiteTeam "France"]
[BlackTeam "Italy"]
[WhiteFideId "608742"]
[BlackFideId "813192"]
[EventDate "2025.10.05"]

1. d4 d5 2. c4 dxc4 3. e3 Nf6 4. Bxc4 e6 5. Nf3 c5 6. O-O Nc6 7. a3 a6 8. dxc5
Qxd1 9. Rxd1 Bxc5 10. b4 Be7 11. Bb2 O-O 12. Nbd2 b5 13. Be2 Bb7 14. Rac1 Rfd8
15. Nb3 Rxd1+ 16. Bxd1 Nd7 17. Nfd2 Rc8 18. Bf3 Nd8 19. Rxc8 Bxc8 20. Na5 f6 21.
Bd1 Nb8 22. f4 Ndc6 23. Ndb3 Nxa5 24. Nxa5 Bd8 25. Kf2 Bb6 26. Bd4 Bxa5 27. bxa5
Bb7 28. Bc3 Nd7 29. Bb4 f5 30. a4 bxa4 31. Bxa4 Nf6 32. h3 Bd5 33. Bd1 Bc4 34.
Bf3 Ne4+ 35. Ke1 Kf7 36. g4 g6 37. h4 Bd3 38. g5 Bc4 39. h5 Ke8 40. Bd1 Kf7 41.
h6 Ke8 42. Ba4+ Kf7 43. Bd7 Bd3 44. Kd1 Bf1 45. Kc2 Bc4 46. Bc6 Be2 47. Ba3 Bc4
48. Ba4 Be2 49. Bb3 Bf1 50. Bb4 Be2 51. Kb2 Bd3 52. Ka3 Be2 53. Bc2 Bc4 54. Be1
Be2 55. Kb4 Bf1 56. Bc3 Be2 57. Bb2 Bf1 58. Ba3 Be2 59. Bxe4 1/2-1/2

[Event "25th European Teams"]
[Site "Batumi GEO"]
[Date "2025.10.06"]
[Round "2.8"]
[Board "3"]
[White "Lodici, Lorenzo"]
[Black "Lagarde, Maxime"]
[Result "1/2-1/2"]
[WhiteTitle "GM"]
[BlackTitle "GM"]
[WhiteElo "2560"]
[BlackElo "2617"]
[WhiteTeam "Italy"]
[BlackTeam "France"]
[WhiteFideId "884189"]
[BlackFideId "662399"]
[EventDate "2025.10.05"]

1. e4 c5 2. Nf3 Nc6 3. Bb5 Nf6 4. Nc3 g6 5. e5 Nh5 6. Bxc6 dxc6 7. d3 Ng7 8. h3
Ne6 9. O-O Bg7 10. Ne4 O-O 11. Be3 b6 12. Qd2 Nd4 13. Nxd4 cxd4 14. Bh6 Be6 15.
Qf4 Bd5 16. Ng3 c5 17. h4 f6 18. Bxg7 Kxg7 19. h5 e6 20. exf6+ Qxf6 21. Qxf6+
Kxf6 22. Rfe1 gxh5 23. Nxh5+ Ke7 24. Re5 Kd6 25. Rae1 b5 26. Ng3 a5 27. Rh5 Ra7
28. Ne4+ Bxe4 29. Rxe4 Rf5 30. Rh6 Re5 31. Rxe5 Kxe5 32. Rh5+ Kd6 33. f4 a4 34.
Kf2 b4 35. Kf3 b3 36. cxb3 a3 37. bxa3 Rxa3 38. Rh6 Kd5 39. Rh5+ Kd6 40. Rh6 Kd5
41. Rh5+ 1/2-1/2

[Event "25th European Teams"]
[Site "Batumi GEO"]
[Date "2025.10.06"]
[Round "2.8"]
[Board "4"]
[White "Boyer, Mahel"]
[Black "Sonis, Francesco"]
[Result "1/2-1/2"]
[WhiteTitle "GM"]
[BlackTitle "GM"]
[WhiteElo "2532"]
[BlackElo "2561"]
[WhiteTeam "France"]
[BlackTeam "Italy"]
[WhiteFideId "45102422"]
[BlackFideId "895733"]
[EventDate "2025.10.05"]

1. d4 Nf6 2. c4 e6 3. Nf3 b6 4. Bf4 Bb7 5. e3 Bb4+ 6. Nfd2 O-O 7. a3 Be7 8. Nc3
d5 9. cxd5 exd5 10. Bd3 c5 11. O-O Nc6 12. Nf3 h6 13. Rc1 a6 14. Re1 c4 15. Bf5
b5 16. Ne5 Bd6 17. Nxc6 Bxc6 18. Be5 Re8 19. f4 a5 20. a4 bxa4 21. Nxa4 Bb4 22.
Nc3 a4 23. Re2 a3 24. bxa3 Rxa3 25. Nb1 Ra1 26. Nc3 Ra3 27. Nb1 Ra6 28. Rb2 Rb6
29. Nc3 Bxc3 30. Rxb6 Qxb6 31. Rxc3 Bd7 32. Bb1 Ba4 33. Qc1 Nd7 34. Ra3 Bb3 35.
Bf5 Nf8 36. Qa1 f6 37. Ra6 Qb4 38. Bd6 Qd2 39. h3 c3 40. Kh2 c2 41. Ra8 Qxe3 42.
Qc1 Qxc1 43. Rxe8 g5 44. Rxf8+ Kg7 45. Rc8 Qe3 46. Rc7+ Kg8 47. Rc8+ Kg7 48.
Rc7+ 1/2-1/2

[Event "25th European Teams"]
[Site "Batumi GEO"]
[Date "2025.10.06"]
[Round "2.9"]
[Board "1"]
[White "Fedoseev, Vladimir3"]
[Black "Bjerre, Jonas Buhl"]
[Result "0-1"]
[WhiteTitle "GM"]
[BlackTitle "GM"]
[WhiteElo "2720"]
[BlackElo "2629"]
[WhiteTeam "Slovenia"]
[BlackTeam "Denmark"]
[WhiteFideId "24130737"]
[BlackFideId "1444948"]
[EventDate "2025.10.05"]

1. d4 Nf6 2. c4 e6 3. Nf3 Bb4+ 4. Bd2 Bxd2+ 5. Nfxd2 d6 6. Nc3 e5 7. d5 O-O 8.
e4 Bg4 9. Qb1 a5 10. h3 Bd7 11. Be2 Ne8 12. O-O Bxh3 13. f4 Bd7 14. Qe1 exf4 15.
Rxf4 Qg5 16. Qf2 Na6 17. Rf1 Nf6 18. Nb3 a4 19. Nd4 Nc5 20. Nf5 Bxf5 21. Rxf5
Qd2 22. e5 Nfe4 23. Nxe4 Nxe4 24. Qh4 Qe3+ 25. Kh2 dxe5 26. Bg4 Nd6 27. Rh5 h6
28. Rf3 Qe4 29. c5 Ne8 30. Rg3 f5 31. Rxh6 fxg4 32. Rxg4 Qf5 33. Rh5 Qf6 34. Qh3
Rd8 35. Qd3 Rf7 36. Qe4 Kf8 37. Rxe5 Qf2 38. Rh4 Nf6 39. Rh8+ Ng8 40. Qxa4 Qxc5
41. Qe4 Qd6 42. g3 Qf6 43. Qb4+ Rd6 44. Qe4 Qf2+ 45. Kh3 Rf3 46. Re8+ Kf7 47.
Qe5 Qf1+ 0-1

[Event "25th European Teams"]
[Site "Batumi GEO"]
[Date "2025.10.06"]
[Round "2.9"]
[Board "2"]
[White "Andersen, Mads"]
[Black "Demchenko, Anton"]
[Result "0-1"]
[WhiteTitle "GM"]
[BlackTitle "GM"]
[WhiteElo "2556"]
[BlackElo "2628"]
[WhiteTeam "Denmark"]
[BlackTeam "Slovenia"]
[WhiteFideId "1413864"]
[BlackFideId "4160258"]
[EventDate "2025.10.05"]

1. d4 Nf6 2. c4 g6 3. Nc3 Bg7 4. e4 d6 5. Nf3 O-O 6. Be2 e5 7. O-O h6 8. Re1
Nbd7 9. Bf1 Re8 10. d5 a5 11. Qc2 Nc5 12. Be3 b6 13. g3 Bd7 14. Nh4 Qc8 15. f3
Nh7 16. Qd2 Ng5 17. Kh1 Qd8 18. Be2 Bf6 19. Ng2 Nh3 20. Bd1 h5 21. Bc2 h4 22. g4
Bg5 23. b3 Qf6 24. Rf1 Bxe3 25. Qxe3 Nf4 26. a3 h3 27. Nxf4 exf4 28. Qd2 Qe5 29.
b4 Na6 30. Ba4 Bxa4 31. Nxa4 axb4 32. axb4 Nb8 33. Ra3 c6 34. Rfa1 cxd5 35. cxd5
Nd7 36. Nc3 Rxa3 37. Rxa3 f5 38. gxf5 gxf5 39. Ra1 Nf6 40. exf5 Kf7 41. Rg1 Qe3
42. Qxe3 Rxe3 43. Nb5 Rxf3 44. Nxd6+ Kf8 45. Nc4 Nxd5 46. Ne5 Re3 47. Ng4 Re2
48. Ra1 Ke7 49. b5 Nf6 50. Nxf6 Kxf6 51. Kg1 Kxf5 52. Ra8 Kg4 53. Rb8 Rb2 0-1

[Event "25th European Teams"]
[Site "Batumi GEO"]
[Date "2025.10.06"]
[Round "2.9"]
[Board "3"]
[White "Subelj, Jan"]
[Black "Olsen, Filip Boe"]
[Result "1-0"]
[WhiteTitle "GM"]
[BlackTitle "IM"]
[WhiteElo "2545"]
[BlackElo "2451"]
[WhiteTeam "Slovenia"]
[BlackTeam "Denmark"]
[WhiteFideId "14618583"]
[BlackFideId "1440640"]
[EventDate "2025.10.05"]

1. e4 e5 2. Nf3 Nf6 3. Nxe5 d6 4. Nc4 Nxe4 5. Qe2 Qe7 6. Ne3 Nf6 7. Nc3 c6 8. d4
d5 9. Bd2 Be6 10. O-O-O Na6 11. f4 g6 12. Qf3 Qd7 13. h3 h5 14. Bxa6 bxa6 15.
Qe2 Qb7 16. f5 gxf5 17. Nxf5 O-O-O 18. Qe5 Bxf5 19. Qxf6 Bg6 20. Qxh8 Ba3 21.
Qxd8+ Kxd8 22. bxa3 Qe7 23. Kb2 Qb7+ 24. Ka1 Qe7 25. Rhe1 Qxa3 26. Rb1 Bxc2 27.
Rb8+ Kc7 28. Ree8 c5 29. Bf4+ Kc6 30. Rbc8+ Kb6 31. Rxc5 1-0

[Event "25th European Teams"]
[Site "Batumi GEO"]
[Date "2025.10.06"]
[Round "2.9"]
[Board "4"]
[White "Ochsner, Bjorn Moller"]
[Black "Sebenik, Matej"]
[Result "1/2-1/2"]
[WhiteTitle "GM"]
[BlackTitle "GM"]
[WhiteElo "2461"]
[BlackElo "2505"]
[WhiteTeam "Denmark"]
[BlackTeam "Slovenia"]
[WhiteFideId "1416928"]
[BlackFideId "14602296"]
[EventDate "2025.10.05"]

1. e4 c5 2. Nf3 g6 3. d4 cxd4 4. Nxd4 Nc6 5. Nc3 Bg7 6. Nxc6 bxc6 7. Bc4 Qa5 8.
Qd3 Nf6 9. Bd2 O-O 10. Nd5 Qd8 11. Nxf6+ Bxf6 12. Bc3 Bxc3+ 13. Qxc3 Qb6 14. O-O
d6 15. Rfd1 a5 16. a4 Rb8 17. b3 Be6 18. Bxe6 fxe6 19. Rd2 e5 20. Re1 Qb4 21.
Re3 c5 22. f3 Qxc3 23. Rxc3 Rb4 24. h4 h6 25. Re3 Kg7 26. c4 Rfb8 27. Rdd3 g5
28. hxg5 hxg5 29. g3 Kg6 30. Kg2 Rh8 31. Re1 Rb6 32. Ree3 Rh7 33. Re1 Rb8 34.
Rh1 Rf7 35. Rf1 Rbf8 36. Rdd1 Rh7 37. Rh1 Rxh1 38. Rxh1 Rb8 39. Rb1 Kf6 40. g4
e6 41. Rd1 Rxb3 42. Rxd6 Rb4 43. Rc6 Rxc4 44. Rc7 Rxa4 45. Rxc5 Ra2+ 46. Kg3 a4
47. Rc7 a3 48. Ra7 Ra1 49. Kh2 a2 50. Kg2 Kg6 51. Kh2 Rf1 52. Rxa2 Rxf3 53. Ra4
Kf6 54. Kg2 Rf4 55. Kg3 Kg6 1/2-1/2

[Event "25th European Teams"]
[Site "Batumi GEO"]
[Date "2025.10.06"]
[Round "2.10"]
[Board "1"]
[White "Mchedlishvili, Mikheil"]
[Black "Shirov, Alexei"]
[Result "1/2-1/2"]
[WhiteTitle "GM"]
[BlackTitle "GM"]
[WhiteElo "2562"]
[BlackElo "2636"]
[WhiteTeam "Georgia 1"]
[BlackTeam "Spain"]
[WhiteFideId "13600966"]
[BlackFideId "2209390"]
[EventDate "2025.10.05"]

1. e4 e5 2. Nf3 Nc6 3. Bb5 a6 4. Ba4 Nf6 5. O-O Be7 6. d3 b5 7. Bb3 d6 8. c3 O-O
9. h3 h6 10. a4 b4 11. Nbd2 bxc3 12. bxc3 Na5 13. Ba2 c5 14. Nc4 Nxc4 15. Bxc4
Be6 16. Bxe6 fxe6 17. Nd2 Qc7 18. Re1 Rab8 19. Nc4 Nd7 20. Qg4 Rf6 21. Qe2 Rbf8
22. Rf1 Rg6 23. Ne3 Bg5 24. Rb1 Nf6 25. Ng4 Nxg4 26. Qxg4 Kh7 27. Bxg5 Rxg5 28.
Qxe6 Rg6 29. Qa2 Rf3 30. Kh2 Rxd3 31. Qc4 Rd2 32. Rbd1 Rb2 33. Rb1 Rd2 34. Rbd1
Rb2 35. Rb1 1/2-1/2

[Event "25th European Teams"]
[Site "Batumi GEO"]
[Date "2025.10.06"]
[Round "2.10"]
[Board "2"]
[White "Anton Guijarro, David"]
[Black "Kacharava, Nikolozi"]
[Result "1-0"]
[WhiteTitle "GM"]
[BlackTitle "GM"]
[WhiteElo "2631"]
[BlackElo "2486"]
[WhiteTeam "Spain"]
[BlackTeam "Georgia 1"]
[WhiteFideId "2285525"]
[BlackFideId "13611860"]
[EventDate "2025.10.05"]

1. e4 e5 2. Nf3 Nc6 3. Bb5 Nf6 4. d3 Bc5 5. c3 O-O 6. O-O d5 7. Nbd2 dxe4 8.
dxe4 a5 9. a4 Qe7 10. Qc2 Nb8 11. h3 Rd8 12. Re1 Nbd7 13. Nf1 Nf8 14. Ng3 c6 15.
Bc4 h6 16. Nh4 Be6 17. Ngf5 Qc7 18. Qe2 Bxc4 19. Qxc4 Ne6 20. Nf3 Nd7 21. g3 Qb6
22. Qe2 Qa6 23. Qc2 Kh7 24. Kg2 Bf8 25. Be3 g6 26. Rad1 gxf5 27. exf5 Nec5 28.
Bxc5 Nxc5 29. Nxe5 f6 30. Ng4 Bg7 31. Re7 Kh8 32. Rd4 Re8 33. Rxg7 Kxg7 34. Qd2
Rh8 35. Rd7+ Nxd7 36. Qxd7+ Kf8 37. Qd6+ Kf7 38. Qe6+ Kf8 39. Qxf6+ Ke8 40.
Qxh8+ Kd7 41. Qg7+ Kd6 42. f6 Qe2 43. Ne3 1-0

[Event "25th European Teams"]
[Site "Batumi GEO"]
[Date "2025.10.06"]
[Round "2.10"]
[Board "3"]
[White "Jobava, Baadur"]
[Black "Yuffa, Daniil"]
[Result "0-1"]
[WhiteTitle "GM"]
[BlackTitle "GM"]
[WhiteElo "2573"]
[BlackElo "2621"]
[WhiteTeam "Georgia 1"]
[BlackTeam "Spain"]
[WhiteFideId "13601520"]
[BlackFideId "24131423"]
[EventDate "2025.10.05"]

1. b3 e5 2. Bb2 Nc6 3. c4 Nf6 4. Nf3 Bc5 5. e3 d6 6. d3 O-O 7. a3 a5 8. Be2 Bb6
9. Nc3 Re8 10. O-O Ne7 11. d4 e4 12. Nd2 d5 13. c5 Ba7 14. b4 Bb8 15. b5 c6 16.
Re1 h5 17. Nf1 h4 18. Rb1 h3 19. g3 Bc7 20. Nd2 Nf5 21. Na4 cxb5 22. Bxb5 Bd7
23. Bc3 Ra7 24. Bf1 Nh4 25. Nb6 Bg4 26. Be2 Bxe2 27. Qxe2 Ng2 28. Rec1 Ra6 29.
Na4 Qc8 30. Rb5 Ng4 31. Rxb7 Qxb7 32. Qxg4 Rh6 33. Rb1 Qc6 34. Nb6 a4 35. Rb4
Ne1 36. Qf5 Bxb6 37. Rxb6 Qc8 38. Qxc8 Rxc8 39. Rb7 Rf6 40. Rd7 Nd3 41. f4 exf3
42. Rxd5 Rb8 43. e4 Re6 44. e5 f6 45. Kf1 Ree8 46. c6 Rbc8 47. Rd6 fxe5 48. Nxf3
exd4 49. Nxd4 Rb8 50. Ne6 Rb1+ 51. Ke2 Nc5 52. Rd8 Rxd8 53. Nxd8 Na6 54. Be5 Kf8
55. Nb7 Ke7 56. Kd3 Ke6 57. Bf4 Kd5 58. Na5 Ra1 59. Nc4 Kxc6 60. g4 Nc5+ 61. Kc3
Kd5 62. g5 Ne4+ 63. Kb2 Kxc4 64. Kxa1 g6 65. Kb2 Kd3 66. Kb1 Nd2+ 67. Ka2 Kc2
68. Be5 Ne4 69. Bf6 Nc3+ 70. Ka1 Kb3 71. Be7 Ne4 72. Kb1 Nd2+ 73. Kc1 Nf3 74.
Kd1 Nxh2 75. Ke2 Ng4 76. Kf3 Ne3 77. Bd6 Nc4 78. Be7 Nxa3 79. Kg3 Nc4 80. Kxh3
a3 0-1

[Event "25th European Teams"]
[Site "Batumi GEO"]
[Date "2025.10.06"]
[Round "2.10"]
[Board "4"]
[White "Santos Latasa, Jaime"]
[Black "Paichadze, Luka"]
[Result "1/2-1/2"]
[WhiteTitle "GM"]
[BlackTitle "GM"]
[WhiteElo "2609"]
[BlackElo "2502"]
[WhiteTeam "Spain"]
[BlackTeam "Georgia 1"]
[WhiteFideId "2293307"]
[BlackFideId "13602934"]
[EventDate "2025.10.05"]

1. d4 Nf6 2. c4 e6 3. Nf3 Bb4+ 4. Nbd2 b6 5. a3 Bxd2+ 6. Nxd2 Bb7 7. e3 O-O 8.
b3 d5 9. Bb2 Nbd7 10. cxd5 Bxd5 11. f3 c5 12. e4 Bb7 13. Qe2 cxd4 14. Bxd4 Qc7
15. Qe3 e5 16. Bb2 Qc2 17. Rb1 Rfd8 18. Bd3 Qc5 19. Ke2 Qe7 20. Rhd1 Nc5 21. Bc4
Ne8 22. b4 Na4 23. Ba1 Nd6 24. Bb3 b5 25. Kf2 Nb6 26. Rbc1 Kh8 27. Qe2 f6 28.
Nf1 Ndc4 29. Bxc4 Nxc4 30. Ne3 Rxd1 31. Rxd1 Nxe3 32. Qxe3 Rd8 33. Rxd8+ 1/2-1/2